01297nab a22002417a 4500003000400000005001700004008004100021040000700062100001900069245009200088260007300180300001500253500004100268505037700309505009000686650002900776650002700805650002400832650002000856650002700876650002000903773013200923OSt20251123211511.0190603e xxum|||| |||| 00| 0 spa d cPJ aPalma, Mariano10aResiduos sólidos urbanos y el expuesto a una relación de consumo / cMariano Palma. cCiudad Autónoma de Buenos Aires :aThomson Reuters La Ley, b2025. ap. 275-283 aCita Online: TR LALEY AR/DOC/36/2025 aSumario: I. Introducción.— II. ¿Qué son los residuos sólidos urbanos?— III. ¿Quién es el propietario de los residuos sólidos urbanos?— IV. ¿Existe relación de consumo?— V. El expuesto a una relación de consumo. Actualidad de la situación.— VI. Factores de atribución.— VII. ¿Qué tipo de daños podría reclamar?— VIII. Conclusión. t¿Te interesa el texto completo? Solicitalo al correo: koha@justierradelfuego.gov.ar  0aCODIGO CIVIL Y COMERCIAL 0aDEFENSA DEL CONSUMIDOR 0aRELACION DE CONSUMO 0aDERECHOS REALES 0aRESIDUOS DOMICILIARIOS 0aDERECHOS REALES0 02713dCiudad Autónoma de Buenos Aires : Thomson Reuters La Ley, 2015-tRevista Código Civil y Comercial. Nº 2 - Abril 2025